Регионална библиотека "Любен Каравелов" - Русе

Софийската Мала Света гора (Запис номер 77268)

MARC детайли
000 -Лидер
Контролно поле с фиксирана дължина 02140nam a2200445 c 4500
003 - Код на организацията, давaща контролен номер
Контролно поле BLK
005 - Дата и час на последна редакция
Контролно поле 20240103141131.0
008 - Елементи от данни с фиксирана дължина
fixed length control field 180408b bul|||||r ||||||| ||bul||
010 ## - Наследен системен номер
LC control number KNG00081720000
020 ## - Международен стандартен номер на книга ISBN
Международен стандартен номер на книга ISBN 978-954-91805-2-7
-- издат.: Медиатама
040 ## - Източник на каталожния запис
Идентификатор на билиотеката - собственик на записа BLK
041 ## - Код за език
Код за езика на текст/звукозапис или на отделно заглавие Български
Код за езика КДБФ Български
080 ## - УДК
Текстов определител УДК Християнски монашески ордени. Манастири. Монаси. Отшелници
УДК код - определител по УДК 27-788
УДК определител (497.223-31)(091)
УДК - код + определител 27-788(497.223-31)(091)
080 ## - УДК
Текстов определител УДК Светци. Почитане на светците. Блажени. Застъпничество на светците за хората. Канонизация. Агиграфия Вж и 264-1
УДК код - определител по УДК 235.3
УДК определител (092)
УДК - код + определител 235.3(092)
080 ## - УДК
Текстов определител УДК Биографии
УДК код - определител по УДК 929
УДК определител
УДК - код + определител 929
100 1# - Редна дума - Автор
Автор Динева, Валентина
Авторска отговорност първи автор
R(LIN) 298267
139 ## - Редно поле
Редна дума Динева, Валентина
Авторски знак Дин - Д 62
245 10 - Сведения за заглавието
Заглавие Софийската Мала Света гора
Подзаглавни данни Манастирите около София
Редно поле (дума) Валентина Динева; фотогр. Валентина Динева; фотогр. Борис Бишков.
257 ## - Страна на издаване
Страна на създаване/издаване България
260 ## - Област на издателските данни
-- София
Име на издателя, разпространителя и проч. Медиатама
Година на издаване 2007
Печатница Алианс принт
300 ## - Физическа характеристика
Страници 356 с.
Илюстрации и др. с цв. ил., к.
Размери/Мащаб 23 см
380 ## - Жанр
Жанр Религия. Теология
500 ## - Общи забележки
Забележка Офс. изд. - Съдържа и Кои са светците, чиито имена носят софийските манастири. - Библиогр. с. 348-352.
650 #4 - Допълнително описание по предмет – тема
Основно описание – тема или топоним Манастири - България
9 (RLIN) 275664
650 #4 - Допълнително описание по предмет – тема
Основно описание – тема или топоним Светци
9 (RLIN) 244581
651 #4 - Допълнително описание по предмет - топоним
Географско понятие Софийско
9 (RLIN) 179575
651 #4 - Допълнително описание по предмет - топоним
Географско понятие България
9 (RLIN) 241624
653 ## - Ключова дума – ненормативна
Ключова дума манастири
653 ## - Ключова дума – ненормативна
Ключова дума светци
653 ## - Ключова дума – ненормативна
Ключова дума история
653 ## - Ключова дума – ненормативна
Ключова дума биографии
700 1# - Други автори (авторска отговорност)
Лично име Динева, Валентина
Автороска отговорност (Описва отношението между автора и произведението) фотогр.
9 (RLIN) 371992
700 1# - Други автори (авторска отговорност)
Лично име Бишков, Борис
Автороска отговорност (Описва отношението между автора и произведението) фотогр.
9 (RLIN) 39312
852 ## - Местоположение
Форматна сигнатура Цб 238573
856 4# - Електронен адрес и достъп
Електронен формат pdf - файл
Път до файла /url/
856 4# - Електронен адрес и достъп
Електронен формат pdf - файл
Път до файла /url/
942 ## - АРТИКУЛИ
Вид на библиотечния материал Книги
Скрит в OPAC Не
Koha issues (borrowed), all copies 1
944 ## - СЪЗДАВАНЕ И РЕДАКЦИЯ на ЗАПИСА
Създаване/Редакция Създаване
Дата на регистрацията/редакция 22.02.2008
Служител, извършил регистрацията/редакцията 30531
Статус, дата на статуса Цветелина Шанова
944 ## - СЪЗДАВАНЕ И РЕДАКЦИЯ на ЗАПИСА
Създаване/Редакция Редакция
Дата на регистрацията/редакция 09.01.2009
Служител, извършил регистрацията/редакцията
999 ## - СИСТЕМНИ КОНТРОЛНИ НОМЕРА
Koha biblionumber 77268
Koha biblioitemnumber 77268
Наличности
Код за отписване Код за изгубен артикул Код за повреда Коз за рестрикции Код за отдаване Артикулен № Име на библиотеката - собственик Име на библиотеката, в която се намира в момента Статус (Текущо местоположение) Дата на вписване в системата Местоположение - отдел Цена в лева Инвентарен номер Систематично азбучна сигнатура Баркод Номер на екземпляра Цена в евро Служебна бележка Служебен тип на артикула
  Не е изгубен Не е повреден без рестрикции ползва се в читалня 125249 Регионална библиотека "Любен Каравелов" Русе Регионална библиотека "Любен Каравелов" Русе Хранилище 2008-02-22 Хранилище 0.00 120000723794 Цб 238573 120000723794 1 0.00 Дост: Dp Вид: Д N: 49 Дата: 15.11.2007 Книги
Vip Innovations Ltd, Rousse, Bulgaria 2025